Kuttikkaryam kuttikkaliyalla(കുട്ടിക്കാര്യം കുട്ടിക്കളിയല്ല) (Record no. 115285)

MARC details
000 -LEADER
fixed length control field 00522 a2200157 4500
005 - DATE AND TIME OF LATEST TRANSACTION
control field 20260427143939.0
008 - FIXED-LENGTH DATA ELEMENTS--GENERAL INFORMATION
fixed length control field 260420b |||||||| |||| 00| 0 eng d
020 ## - INTERNATIONAL STANDARD BOOK NUMBER
International Standard Book Number 9789370989245
080 ## - UNIVERSAL DECIMAL CLASSIFICATION NUMBER
Universal Decimal Classification number 613.95=M
Item number SOU/K
100 ## - MAIN ENTRY--PERSONAL NAME
Personal name Soumya Sarin
245 ## - TITLE STATEMENT
Title Kuttikkaryam kuttikkaliyalla(കുട്ടിക്കാര്യം കുട്ടിക്കളിയല്ല)
260 ## - PUBLICATION, DISTRIBUTION, ETC. (IMPRINT)
Name of publisher, distributor, etc D C books
Place of publication, distribution, etc Kottayam
Date of publication, distribution, etc 2025
300 ## - PHYSICAL DESCRIPTION
Extent 224p.
653 ## - INDEX TERM--UNCONTROLLED
Uncontrolled term Health -Mother and child care
-- Motherhood
-- maternal care
942 ## - ADDED ENTRY ELEMENTS (KOHA)
item type Books
Holdings
Lost status Source of classification or shelving scheme Not for loan Home library Current library Date acquired Cost, normal purchase price Total Checkouts Full call number Barcode Date last seen Cost, replacement price Price effective from Koha item type Public note
  Universal Decimal Classification Not For Loan University Library University Library 27/02/2026 186.68   613.95=M SOU/K 00097366 27/02/2026 280.00 27/02/2026 Books Processing
University Library, CUSAT